Fisicoquímica /
Guardado en:
| Autor Principal: | |
|---|---|
| Formato: | Libro |
| Publicado: |
Buenos Aires :
Huemul,
1980
|
| Edición: | 2a. ed. |
| Materias: | |
| Etiquetas: |
Agregar Etiqueta
Sin Etiquetas, Sea el primero en etiquetar este registro!
|
| LEADER | 00719nam a22002175a 4500 | ||
|---|---|---|---|
| 001 | CEM.cems004074 | ||
| 005 | 20080512135526.0 | ||
| 008 | 130507s1980##################000#0#####d | ||
| 003 | CEMS | ||
| 082 | 0 | 4 | |a 541 |
| 100 | 1 | |a Magnetti, Renée César | |
| 245 | 1 | 0 | |a Fisicoquímica / |c Renée César Magnetti |
| 250 | |a 2a. ed. | ||
| 260 | |a Buenos Aires : |b Huemul, |c 1980 | ||
| 300 | |a 58 p. | ||
| 505 | 0 | |a Física y química, introducción -- Agua y aire -- Comportamiento de líquidos y gases -- Calor y temperatura -- La luz -- Trabajos prácticos | |
| 653 | |a Física | ||
| 653 | |a Física-experimentos | ||
| 653 | |a Química | ||
| 653 | |a Química-experimentos | ||
| 859 | |a CEMS |b BIB. CEMS - 11 de abril |h 541 |i M274a2 |p 8133.80 |t Ej.1 | ||
